Study on prevalence and efficiency of anti-parasites on gastro intestinal tract of dogs in borseth district, kampong speu province, ការសិក្សាពីកម្រិតរាលដាល និងប្រសិទ្ធភាពឱសថចំពោះការទម្លាក់បរាសិតក្នុងក្រពេះពោះវៀនរបស់សុនខក្នុងស្រុកបរសេដ្ឋ ខេត្តកំពង់ស្ពឹ (Record no. 7063)
[ view plain ]
| 000 -LEADER | |
|---|---|
| fixed length control field | 00872nam a22001577a 4500 |
| 003 - CONTROL NUMBER IDENTIFIER | |
| control field | OSt |
| 005 - DATE AND TIME OF LATEST TRANSACTION | |
| control field | 20160225135333.0 |
| 008 - FIXED-LENGTH DATA ELEMENTS--GENERAL INFORMATION | |
| fixed length control field | 160225b xxu||||| |||| 00| 0 eng d |
| 040 ## - CATALOGING SOURCE | |
| Transcribing agency | RUA |
| 082 ## - DEWEY DECIMAL CLASSIFICATION NUMBER | |
| Classification number | VEM ROE 2014 B439 Or.1 |
| 100 ## - MAIN ENTRY--PERSONAL NAME | |
| 9 (RLIN) | 7476 |
| Personal name | ROEM KOSAL ; រឹម កុសល |
| 245 ## - TITLE STATEMENT | |
| Title | Study on prevalence and efficiency of anti-parasites on gastro intestinal tract of dogs in borseth district, kampong speu province, ការសិក្សាពីកម្រិតរាលដាល និងប្រសិទ្ធភាពឱសថចំពោះការទម្លាក់បរាសិតក្នុងក្រពេះពោះវៀនរបស់សុនខក្នុងស្រុកបរសេដ្ឋ ខេត្តកំពង់ស្ពឹ |
| 260 ## - PUBLICATION, DISTRIBUTION, ETC. (IMPRINT) | |
| Place of publication, distribution, etc. | Phnom Penh |
| Name of publisher, distributor, etc. | RUA |
| Date of publication, distribution, etc. | 2014 |
| 300 ## - PHYSICAL DESCRIPTION | |
| Extent | xii ;46p. |
| Other physical details | ill. |
| Dimensions | 29cm. |
| 942 ## - ADDED ENTRY ELEMENTS (KOHA) | |
| Source of classification or shelving scheme | |
| Koha item type | VEM |
| Price effective from | Date last seen | Permanent Location | Not for loan | Date acquired | Source of classification or shelving scheme | Koha item type | Lost status | Withdrawn status | Date last checked out | Total Checkouts | Shelving location | Damaged status | Barcode | Current Location | Full call number |
|---|---|---|---|---|---|---|---|---|---|---|---|---|---|---|---|
| 2016-02-25 | 2016-02-25 | Library Block B | 2016-02-25 | VEM | B439 | RUA053414 | Library Block B | VEM ROE 2014 B439 Or.1 | |||||||
| 2016-02-25 | 2025-06-12 | Library Block B | 2016-02-25 | VEM | 2025-05-30 | 2 | B439 | RUA053356 | Library Block B | VEM ROE 2014 B439 Or.2 | |||||
| 2016-02-25 | 2022-06-13 | Library Block B | 2016-02-25 | VEM | 2022-06-01 | 2 | B439 | RUA053204 | Library Block B | VEM ROE 2014 B439 Or.3 | |||||
| 2016-02-25 | 2016-07-09 | Library Block B | 2016-02-25 | VEM | 2016-06-04 | 1 | B439 | RUA053135 | Library Block B | VEM ROE 2014 B439 Or.4 | |||||
| 2016-02-25 | 2016-02-25 | Library Block B | 2016-02-25 | VEM | B439 | RUA053409 | Library Block B | VEM ROE 2014 B439 Or.5 | |||||||
| 2016-02-25 | 2023-07-28 | Library Block B | 2016-02-25 | VEM | 2023-06-16 | 2 | B439 | RUA053352 | Library Block B | VEM ROE 2014 B439 Or.6 | |||||
| 2016-02-25 | 2016-02-25 | Library Block B | 2016-02-25 | VEM | B439 | RUA053412 | Library Block B | VEM ROE 2014 B439 Or.7 | |||||||
| 2016-02-25 | 2019-07-16 | Library Block B | 2016-02-25 | VEM | 2019-06-17 | 2 | B439 | RUA053143 | Library Block B | VEM ROE 2014 B439 Or.8 |